000 00296nam a22001337a 4500
008 181204b xxu||||| |||| 00| 0 eng d
020 _a2900735518550
041 _aeng
080 _24 TH
_a341
100 _a15
101 _aJUR
245 _aPerspective On Law
_cRabin.R.L
942 _2udc
_cBK
999 _c52773
_d52773